1650 1712 1332 1427 1257 1549 1727 1709 1373 1503 1963 1641 1469 1377 1647 1948 1938 1893 1294 1256 1645 1967 1174 1988 1726 1452 1656 1225 1599 1475 1776 1543 1080 1984 1755 1927 1044 1773 1568 1766 1250 1983 1311 1031 1809 1155 1929 1298 1133 1384 1522 1289 1203 1786 1822 1065 1770 1979 1254 1991 1517 1649 1845 1454 1229 1867 1149 1318 1217 1124 1656 1111 1238 1506 1099 1556 1643 1061 1151 1466 1354 1131 1489 1857 1554 1746 1172 1636 1947 1903 1639 1663 1664 1770 1240 1196 1569 1098 1777 BCNSPRNW ULIB Ver.6.0+V

เปลี่ยนเป็นภาษาไทย

Change to English
 แสดงรายละเอียดบรรณานุกรม
  กลับหน้าหลัก

Brief Record : Get Marc (ISO 2709) : E-mail record : QR code < ปิดหน้าต่าง
LEADER : 00000nam 2200000uu 4500
001    13399111854
003     ULIB
008    110627s2552||||th 000 0 tha d
020    9786165000055
090    นว.^bณ399ส 2552
100 0  ณารา
245 00 สายเลือดแดนตะวัน/^cณารา
250    พิมพ์ครั้งที่ 4
260    กรุงเทพฯ :^bพิมพ์คำ,^c2552
300    551 หน้า
945    ^p340^l0^i026733
995    ทศพร
999 ^a ใช้งานได้ทุกระบบ
รายการนี้ยังไม่มีแท็ก
คุณยังไม่ได้ล็อกอิน คุณสามารถมีกิจกรรมร่วมกับเว็บไซต์ได้ แต่ต้องล็อกอินก่อน ::
  ล็อกอิน

รายการสื่อสารสนเทศ

ลำดับที่ ประเภท เลขเรียก/บาร์โค้ด สถานที่ สถานะ
- ไม่พบข้อมูล -

รายการใกล้เคียง
    ผู้แต่ง [ณารา]

BibComment


ยังไม่เคยถูกคอมเมนท์

คอมเมนท์ทรัพยากรรายการนี้
  คอมเมนท์: สายเลือดแดนตะวัน ..


 Copyright 2026. Bcnsprnw @Library